Transeuropäische Netze
Gespeichert in:
| Format: | Buch |
|---|---|
| Sprache: | Deutsch |
| Veröffentlicht: |
Luxembourg
Amt für amtliche Veröffentlichungen der Europäischen Gemeinschaften
1994
|
| Ausgabe: | 1. Aufl. |
| Schriftenreihe: | Europa in Bewegung
|
| Schlagworte: | |
| Tags: |
Keine Tags, Fügen Sie das erste Tag hinzu!
|
MARC
| LEADER | 00000nam a2200000 4500 | ||
|---|---|---|---|
| 001 | c017241 | ||
| 005 | 20221205141129.8 | ||
| 020 | |a 92-826-7539-4 | ||
| 041 | 0 | |a ger | |
| 044 | |a LU | ||
| 245 | 1 | 0 | |a Transeuropäische Netze |
| 250 | |a 1. Aufl. | ||
| 264 | 1 | |a Luxembourg |b Amt für amtliche Veröffentlichungen der Europäischen Gemeinschaften |c 1994 | |
| 300 | |a 8 s. | ||
| 490 | 1 | |a Europa in Bewegung | |
| 830 | 0 | |a Europa in Bewegung | |
| 610 | 2 | 0 | |a komunikácia |
| 610 | 2 | 0 | |a siete dopravné |
| 610 | 2 | 0 | |a telekomunikácie |
| 610 | 2 | 0 | |a Európska únia |
| 610 | 2 | 0 | |a Európa |
| 610 | 2 | 0 | |a Európske spoločenstvá |
| 610 | 2 | 0 | |a doprava medzinárodná |